| 000 | 00714cab a2200229 4500 | ||
|---|---|---|---|
| 001 | WB3126-17 | ||
| 008 | 090401t1995 xxu||||| |||| 00| 0 eng d | ||
| 035 | _a(Sirsi) u22271 | ||
| 041 | _aeng | ||
| 245 | _aFunds back derivatives | ||
| 260 | _c1995 | ||
| 350 | _a0 | ||
| 490 |
_aEstates Times _v(1286) 30 June 1995, 1(1) |
||
| 520 | _aA group of life insurance companies, led by AMP, hopes to launch a stock market vehicle for the trading of property derivatives. | ||
| 650 | _aPIMS | ||
| 650 | _aPROPERTY INCOME CERTIFICATES | ||
| 650 | _aPROPERTY INDEX MARKET SECURITIES | ||
| 650 | _aPROPERTY INVESTMENT | ||
| 690 | _aPROPERTY-PROPERTY FINANCE AND INVESTMENT | ||
| 942 | _n0 | ||
| 948 | _c04/03/1997 | ||
| 999 |
_c14917 _d14917 |
||